Z histórie do prítomnosti

Bibliographic Details
Main Authors: Jorík, Štefan (Author), Horváth, Štefan, 1913 jún 23.-1993 (Author), Valach, Ján, 1912-2001 (Author)
Format: Article
Language:Slovak
Subjects:

MARC

LEADER 00000nab a2200000 a 4500
001 vtls000013104
003 SK-MaSNL
005 20260426071747.0
008 160211c1978 xo 0 slo
015 |a SNBRB19rr/mm-uuuuu 
035 |a CL0023198 
040 |a SNKBUCL  |b slo  |c SNKBUCL  |e AACR2 
041 0 |a slo 
044 |a xo  |c SK 
080 |a 336.7  |2 1981 
100 1 |a Jorík, Štefan  |4 aut  |9 380871 
245 1 0 |a Z histórie do prítomnosti  |c Štefan Jorík ; Štefan Horváth, Ján Valach 
650 0 7 |a peňažníctvo  |2 snkbucl  |9 28841 
650 0 7 |a dejiny  |2 snkbucl  |9 3825 
651 7 |a Slovensko  |2 snkbucl  |9 14231 
655 7 |a články z novín a časopisov  |2 snkbucl  |9 267496 
700 1 |a Horváth, Štefan,  |d 1913 jún 23.-1993  |4 aut  |9 180445 
700 1 |a Valach, Ján,  |d 1912-2001  |4 aut  |9 151993 
773 0 |t Pravda  |g Roč. 59, č. 289 (7. 12. 1978), s. 5 
787 0 8 |i Rec.:  |a Horváth, Štefan  |t Peňažníctvo na Slovensku 1918-1945 
850 |a Slovenská národná knižnica v Martine  |a MTA001 
852 |a SNK  |b KIS3GCP 
958 |a RK 
992 |a RBX 
999 |c 2681749  |d 2683679